| 000 | 01004nam2a22002891 4500 | ||
|---|---|---|---|
| 001 | RU\NLR\INFOCOMM\1000035829 | ||
| 005 | 20250806205943.0 | ||
| 035 | _a(NLR Aleph) 002764636 | ||
| 090 |
_a56355 _c56355 |
||
| 100 | _a20040202d1945 u y0rusy50 ca | ||
| 101 | 0 | _arus | |
| 102 | _aRU | ||
| 105 | _ay ||||||||| | ||
| 200 | 1 |
_aМедноокисный первичный элемент Эдисона _fСпиридонов, П.М. |
|
| 210 | _d1945 | ||
| 309 | _aНа тит.л. ошибочно: 16(72) | ||
| 461 | 0 |
_1001RU\NLR\INFOCOMM\1000035770 _12001#$aИнформационное письмо$fВсесоюз. науч.-ислед. ин-т ж.-д. транспорта$v16(71) |
|
| 700 | 1 |
_aСпиридонов _bРП.М. _4070 |
|
| 801 | 1 |
_aRU _bInfoComm _c20040202 |
|
| 801 | 0 |
_aRU _bNLR _gPSBO |
|
| 852 |
_aNLR _jП10/646 |
||
| 942 | _cISSUE | ||
| 945 | _aРоссийская национальная библиотека | ||
| 980 | _aNB | ||
| 980 | _aBV | ||
| 980 | _aRUSPER | ||